000 00536nam a2200169 i 4500
001 44319
003 ES-MaACL
005 20230906161012.0
007 t|
008 030321s1908 sz ||||1| fre d
100 1 _aClaparède, Edouard.
_938984
245 1 0 _aClassification et plan des méthodes psychologiques /
_cEd. Claparède.
260 _aGenève :
_bLib. Kündig,
_c1908.
300 _ap. [321]-364 ;
_c24 cm.
500 _aExtrait des "Archives de Psychologie", Tome VII, nº 28, juillet 1908.
852 _aES-MaACL
_j2203-F-19
999 _c44319
_d44319